000
00328 a2200157 4500
001
68128
020
_a
9783126800013
040
_c
Anchieta - Pituba
100
_a
Motta, Giorgio
240
1
0
_a
Maximal A1.1
_l
deu / ger
245
1
0
_a
Maximal A1.1
300
_a
164
362
0
_a
2019
650
4
_a
Língua alemã
942
_c
BK
999
_c
68128
_d
68128